Interpersonal Victimization During Childhood and Adolescence and Educational Attainment in Young Adulthood: A Latent Class Analysis Approach

Previous research relates violent victimization early in life to a wide range of unfavorable outcomes in adulthood, among them a lack of educational attainment. A tendency to conduct separate investigations into violent victimization in different areas of life has so far hampered our understanding o...

Ausführliche Beschreibung

Gespeichert in:  
Bibliographische Detailangaben
VerfasserInnen: Frøyland, Lars Roar (Verfasst von) ; Andersen, Patrick Lie (Verfasst von)
Medienart: Elektronisch Aufsatz
Sprache:Englisch
Veröffentlicht: 2023
In: Journal of interpersonal violence
Jahr: 2023, Band: 38, Heft: 9/10, Seiten: 6323-6345
Online-Zugang: Volltext (kostenfrei)
Verfügbarkeit prüfen: HBZ Gateway
Schlagwörter:

MARC

LEADER 00000naa a22000002c 4500
001 1840914343
003 DE-627
005 20230331043617.0
007 cr uuu---uuuuu
008 230331s2023 xx |||||o 00| ||eng c
024 7 |a 10.1177/08862605221130388  |2 doi 
035 |a (DE-627)1840914343 
035 |a (DE-599)KXP1840914343 
040 |a DE-627  |b ger  |c DE-627  |e rda 
041 |a eng 
084 |a 2,1  |2 ssgn 
100 1 |a Frøyland, Lars Roar  |e VerfasserIn  |4 aut 
245 1 0 |a Interpersonal Victimization During Childhood and Adolescence and Educational Attainment in Young Adulthood: A Latent Class Analysis Approach 
264 1 |c 2023 
336 |a Text  |b txt  |2 rdacontent 
337 |a Computermedien  |b c  |2 rdamedia 
338 |a Online-Ressource  |b cr  |2 rdacarrier 
520 |a Previous research relates violent victimization early in life to a wide range of unfavorable outcomes in adulthood, among them a lack of educational attainment. A tendency to conduct separate investigations into violent victimization in different areas of life has so far hampered our understanding of both overall victimization processes and its outcomes. The present study overcomes this issue by investigating the cumulative burden of violent victimization during childhood and adolescence as well as the associations between victimization and educational attainment in young adulthood. The study uses a nationally representative sample of 18 to 19-year-old Norwegian students (n = 3,160) from the school-based UngVold 2007 survey, merged with information from official registers up to 2016 (age 27–28). Using latent class analysis (LCA), we combine retrospective accounts of experiences with parental, peer, and sexual violence during childhood and adolescence with educational attainment in young adulthood. The analyses reveal five classes of violent victimization: (1) non-victims (55.7%), (2) peer victims (16.6%), (3) victims of parental violence (14.5%), (4) victims witnessing domestic violence (5.6%), and (5) polyvictims (experiencing parental, peer, and/or sexual violence: 7.6%). They also show lower educational attainment in all groups reporting victimization through physical contact compared to non-victims, particularly among peer victims and polyvictims. Violence thus seems to impair educational attainment for a large share of the population. The identification of particularly lower education among the polyvictims also show the importance of considering the cumulative burden of violence when deciding on treatment needs and the design of help services for victims. 
650 4 |a Violent Victimization 
650 4 |a Quantitative methods 
650 4 |a Latent Class Analysis 
650 4 |a Educational attainment 
650 4 |a child maltreatment 
700 1 |a Andersen, Patrick Lie  |e VerfasserIn  |4 aut 
773 0 8 |i Enthalten in  |t Journal of interpersonal violence  |d London [u.a.] : Sage, 1986  |g 38(2023), 9/10, Seite 6323-6345  |h Online-Ressource  |w (DE-627)324614721  |w (DE-600)2028900-5  |w (DE-576)276556305  |x 1552-6518  |7 nnas 
773 1 8 |g volume:38  |g year:2023  |g number:9/10  |g pages:6323-6345 
856 |u https://journals.sagepub.com/doi/pdf/10.1177/08862605221130388  |x unpaywall  |z Vermutlich kostenfreier Zugang  |h publisher [deprecated] 
856 4 0 |u https://doi.org/10.1177/08862605221130388  |x Resolving-System  |z kostenfrei  |3 Volltext  |7 0 
935 |a mkri 
951 |a AR 
ELC |a 1 
LOK |0 000 xxxxxcx a22 zn 4500 
LOK |0 001 430051951X 
LOK |0 003 DE-627 
LOK |0 004 1840914343 
LOK |0 005 20230331043617 
LOK |0 008 230331||||||||||||||||ger||||||| 
LOK |0 035   |a (DE-2619)KrimDok#2023-03-30#1492A79442073342BE59F95B2D4F0B9720643331 
LOK |0 040   |a DE-2619  |c DE-627  |d DE-2619 
LOK |0 092   |o n 
LOK |0 852   |a DE-2619 
LOK |0 852 1  |9 00 
LOK |0 935   |a zota 
LOK |0 939   |a 31-03-23  |b l01 
OAS |a 1 
ORI |a SA-MARC-krimdoka001.raw